[Event "DSIM-Finale"]
[Site "T#645894Emanuel Laske"]
[Date "2020.05.09"]
[Round "13"]
[White "Jonas Eilenberg"]
[Black "Rasmus Svane"]
[Result "0-1"]
[WhiteElo "1620"]
[BlackElo "1620"]
[Annotator "NA RC"]
[PlyCount "72"]
[EventDate "2020.05.09"]
[EventType "tourn (blitz)"]

1. d4 {[%emt 0:00:02]} e6 {[%emt 0:00:05]} 2. Nf3 {[%emt 0:00:02]} d5 {[%emt 0:00:01]} 3. e3 {[%emt 0:00:01]} Nf6 {[%emt 0:00:01]} 4. Bd3 {[%emt 0:00:01]} b6 {[%emt 0:00:09]} 5. O-O {[%emt 0:00:02]} Bb7 {[%emt 0:00:01]} 6. b3 {[%emt 0:00:02]} Bd6 {[%emt 0:00:02]} 7. Bb2 {[%emt 0:00:01]} O-O {[%emt 0:00:02]} 8. c4 {[%emt 0:00:02]} Nbd7 {[%emt 0:00:01]} 9. Nc3 {[%emt 0:00:02]} a6 {[%emt 0:00:01]} 10. Rc1 {[%emt 0:00:01]} Qe7 {[%emt 0:00:02]} 11. Re1 {[%emt 0:00:08]} dxc4 {[%emt 0:00:12]} 12. bxc4 {[%emt 0:00:04]} e5 {[%emt 0:00:02]} 13. dxe5 {[%emt 0:00:13]} Nxe5 {[%emt 0:00:00]} 14. Nxe5 {[%emt 0:00:11]} Bxe5 {[%emt 0:00:14]} 15. f4 {[%emt 0:00:21]} Bd6 {[%emt 0:00:24]} 16. Nd5 {[%emt 0:00:06]} Bxd5 {[%emt 0:00:03]} 17. cxd5 {[%emt 0:00:00]} Rad8 {[%emt 0:00:10]} 18. Qf3 {[%emt 0:00:27]} Bc5 {[%emt 0:00:10]} 19. Bxf6 {[%emt 0:00:05]} Qxf6 {[%emt 0:00:07]} 20. Kh1 {[%emt 0:00:03]} c6 {[%emt 0:00:24]} 21. e4 {[%emt 0:00:18]} cxd5 {[%emt 0:00:02]} 22. e5 {[%emt 0:00:10]} Qh6 {[%emt 0:00:02]} 23. a4 {[%emt 0:00:27]} a5 {[%emt 0:00:01]} 24. Red1 {[%emt 0:00:28]} Qh4 {[%emt 0:00:43]} 25. Bf5 {[%emt 0:00:16]} d4 {[%emt 0:00:13]} 26. Rd3 {[%emt 0:00:09]} g6 {[%emt 0:00:04]} 27. Be4 {[%emt 0:00:03]} Qe7 {[%emt 0:00:02]} 28. Rcd1 {[%emt 0:00:03]} Kg7 {[%emt 0:00:02]} 29. g3 {[%emt 0:00:02]} f6 {[%emt 0:00:01]} 30. exf6+ {[%emt 0:00:02]} Rxf6 {[%emt 0:00:00]} 31. Kg2 {[%emt 0:00:02]} Re6 {[%emt 0:00:02]} 32. Re1 {[%emt 0:00:03]} Re8 {[%emt 0:00:03]} 33. f5 {[%emt 0:00:03]} gxf5 {[%emt 0:00:12]} 34. Bxf5 {[%emt 0:00:05]} Rxe1 {[%emt 0:00:03]} 35. Qg4+ {[%emt 0:00:01]} Kh8 {[%emt 0:00:01]} 36. Qh5 {[%emt 0:00:03]} Qe2+ {[%emt 0:00:01] Jonas Eilenberg gibt auf (Lag: Av=0.68s, max=1.6s)} 0-1

[Event "DSIM-Finale"]
[Site "T#645894Emanuel Laske"]
[Date "2020.05.09"]
[Round "13"]
[White "Matthias Blübaum"]
[Black "Vincent Keymer"]
[Result "0-1"]
[WhiteElo "1620"]
[BlackElo "2243"]
[Annotator "TA"]
[PlyCount "64"]
[EventDate "2020.05.09"]
[EventType "tourn (blitz)"]

{[%evp 16,63,3,2,14,2,23,12,39,39,27,45,161,30,22,22,29,18,184,195,193,184,322,314,290,294,204,194,187,12,16,17,47,51,180,-751,-737,-1233,-1212,-29991,-29992,-29994,-29995,-29995,-29995,-29998,-29997,-29997,-29998,-29999]} 1. d4 Nf6 2. c4 e6 3. Nc3 Bb4 4. e3 O-O 5. Bd2 b6 6. Nf3 Bb7 7. Bd3 d5 8. cxd5 exd5 9. O-O Re8 {E52: Nimzo-Indian: Rubinstein: 4...0-0 5 Nf3 d5 6 Bd3 b6.} 10. Rc1 a6 {10...Bf8 gains popularity. Played by Sergey Karjakin in December 2019.} 11. Ne5 Bf8 {The position is equal.} 12. f4 c5 13. Be1 Nc6 (13... cxd4 $14 14. exd4 Nc6) 14. Bf2 ({White has to play} 14. Bh4 $18) 14... Rc8 $11 {[#]} 15. a3 $146 (15. Qf3 {with more complications.} cxd4 16. exd4 b5 17. Rcd1 Rc7 18. Rfe1) ({Predecessor:} 15. Qf3 b5 16. Bf5 Rc7 17. Bh4 Be7 18. Rcd1 g6 19. Bb1 cxd4 20. exd4 Ne4 21. Bxe7 Nxe7 22. Nxe4 dxe4 23. Bxe4 Bxe4 24. Qxe4 {½-½ (72) Sargsyan,T (2136)-Sargsyan,S (2472) Yerevan 2018}) 15... cxd4 16. exd4 Ne4 $2 (16... b5 $11) 17. Nxe4 $18 Nxe5 18. Rxc8 (18. dxe5 dxe4 19. Be2 b5 $11) 18... Qxc8 {[#]} (18... Bxc8 $142 19. fxe5 dxe4) 19. Nf6+ $1 {[%mdl 512]} gxf6 20. fxe5 fxe5 21. dxe5 Rxe5 {[#]} 22. Kh1 $2 (22. Bxb6 $6 Bc5+ 23. Bxc5 Qxc5+ 24. Kh1 d4 $16) ({Better is} 22. Qf3 $1 $18 {Black must now prevent Bd4!} Rg5 23. Bd4 (23. Bxb6 Rg7 $16)) 22... Bg7 23. Bd4 (23. Bxb6 d4 $17) 23... Rg5 24. Be3 (24. Bxb6 $2 d4 $19) 24... Rxg2 {[#]} (24... Re5 $1 $14 25. Qd2 (25. Bxb6 d4 $15) 25... Qg4) 25. Qh5 $4 {[%mdl 8192] [#]} ({Worse is} 25. Kxg2 d4+ 26. Kg3 (26. Kg1 Qh3 $11) 26... dxe3 $11) (25. Bxh7+ $1 $18 {[%mdl 512]} Kxh7 26. Qh5+ {[%mdl 64] Double Attack} Kg8 27. Qxf7+ Kh8 28. Rf5 (28. Qh5+ Kg8 $18) 28... Qxf5 29. Qxf5) 25... Rg6 $1 $19 {( -> ...d4+)} 26. Rf3 (26. Bxg6 hxg6) 26... d4 {[%mdl 64] Discovered Attack} 27. Bxg6 hxg6 {Black mates.} 28. Qh8+ Bxh8 29. Kg1 dxe3 30. Rf6 Qc1+ 31. Rf1 {[#]} e2 $1 {[%csl Gc1][%cal Re2f1]} 32. Rxc1 Bd4# {Accuracy: White = 52%, Black = 57%.} 0-1

[Event "DSIM-Finale"]
[Site "T#645894Emanuel Laske"]
[Date "2020.05.09"]
[Round "13"]
[White "Nikolas Lubbe"]
[Black "Lizzy Paehtz"]
[Result "1-0"]
[WhiteElo "1620"]
[BlackElo "2427"]
[Annotator "TA"]
[PlyCount "23"]
[EventDate "2020.05.09"]
[EventType "tourn (blitz)"]

{[%evp 11,23,11,12,8,10,10,18,17,14,-31,20,46,387,395]} 1. d4 e6 2. e4 d5 3. Nd2 Be7 4. Ngf3 Nf6 5. e5 Nfd7 6. Bd3 c5 7. c3 {C03: French Tarrasch: Unusual Black 3rd moves.} b6 8. O-O a5 9. Qe2 Ba6 10. c4 dxc4 (10... Nc6 $15) 11. Nxc4 $11 {[#]} O-O $146 {[%mdl 8192] [#]} (11... cxd4 $14 12. Nxd4 Nc5) ({Predecessor:} 11... cxd4 12. Qe4 Ra7 13. Qg4 Kf8 14. Qxd4 Nc5 15. Qxd8+ Bxd8 16. Be2 h6 17. Be3 Rd7 {1-0 (29) Fier,A (2604)-Januario,S (2156) Manaus 2013}) 12. Qe4 $1 {[%csl LRa8,LRh7][%mdl 576] Double Attack} 1-0